Gminy powiatu Skarżyskiego - Statystyki

Ogólne statystyki
  • Ten quiz został rozwiązany 26 razy
  • Średni wynik to 4 z 5
Statystyki odpowiedzi
Powierzchnia Nazwa gminy % Poprawnych
74,95km² Suchedniów
96%
64,39km² Skarżysko-Kamienna
92%
53,24km² Skarżysko kościelne
88%
61,65km² Łączna
83%
141,2 km² Bliżyn
71%
Nie znaleziono quizów pasujących do podanych kryteriów
Rozkład punktacji
Procent ludzi z każdym wynikiem
Percentyl według liczby udzielonych odpowiedzi
Twoja historia wyników
Nie rozwiązałeś tego quizu